| 000 | 00577nam a22002051c 4500 | ||
|---|---|---|---|
| 001 | 830068910 | ||
| 008 | 170613s2015 gw |||| 000u rus d | ||
| 020 |
_a9785969108592 _9978-5-9691085-9-2 |
||
| 041 | _arus | ||
| 100 | 1 | _aMedvedev, Roj Aleksandrovič | |
| 245 | 0 | 0 |
_aSovetskij Sojuz : _bposlednie gody žizni / _cRoj Medvedev |
| 264 |
_aMoskva : _bVremja, _c2015 |
||
| 300 | _a416 S. | ||
| 600 | 0 | _aGorbačev, Michail | |
| 650 | 0 | _aSowjetunion | |
| 942 | _cMG | ||
| 040 | _cRU-10907106 | ||
| 003 | RU-10907106 | ||
| 999 |
_c42303 _d42303 |
||
| 490 | 0 | _aSobranija socinenij Žoresa i Roja Medvedevych | |